LEADER 01833nam a2200253 i 4500 001 000000053482 003 CaOOAMICUS 005 20210524095353.0 008 130724s1678 it u000 u lat u 013 $a24654 026 $ainus 1.ij inu* coCo (3) 1678 (R) - [*= ae] 040 $aSeMil$bita 110 2 $aChiesa Cattolica : Tribunale della Rota Romana.$0(OLS)http://semarc/name/1879 245 10$aSacrae Rotae Romanae Decisiones recentiores nuncupatae pars in ordine 17. Complectens integros fere annos 1671. & 1672. ... Cum suis argumentis, summarijs, concordantia decisionum, & indice locupletissimo novissime editis a Ioanne Baptista Compagno. 300 $a[72], 766, [210] p. 500 $aSegn.: pg4 ?4 2?6 a-e4 f2 A-4L6 4M8 500 $aFront. stampato in rosso e nero con stemma xilogr. di papa Innocenzo XI tra i santi Pietro e Paolo 650 4$aTribunali ecclesiastici.$0(OLS)http://semarc/subject/818 700 1 $aCompagni, Giovanni Battista,$d.$0(OLS)http://semarc/name/26405 773 0 $aChiesa Cattolica : Tribunale della Rota Romana$tSacrae Rotae Romanae Decisionum recentiorum pars tertia [-partis 19. tomus 2.] olim a Prospero Farinaccio ... posthumum aeditarum. Nunc vero ... a Paulo Rubeo factarum ... Index materiarum ex duplici unicus est confectus, et longe copiosior ..$dRomae : Ex Typographia Reuerendae Camerae Apostolicae, 1640-1703.$g17$w()13669 850 $aSeMil 852 $aSeMil$W1$xVenegono$y1$m2H VI 18 FA$j19636$B19636$CSeMilBibl$Z2$F19638 $8I 996 $6245$aSacrae Rotae Romanae Decisiones recentiores nuncupatae pars in ordine 17. Complectens integros fere annos 1671. & 1672. ... Cum suis argumentis, summarijs, concordantia decisionum, & indice locupletissimo novissime editis a Ioanne Baptista Compagno.$9(OLS)http://semarc/title/82400 LEADER 01575nam a2200289 i 4500 001 000000059575 003 CaOOAMICUS 005 20210429103828.0 008 130802s1735 ne u000 u lat u 013 $a30747 026 $aocum 9.a? a-n- poin (3) 1735 (R) 040 $aSeMil$bita 100 1 $aPichler, Veit,$c.$0(OLS)http://semarc/name/3022 245 10$aJus canonicum practice explicatum, seu decisiones casuum selectorum centumoctoginta quinque ad singulos Decretalium Gregorii Papae 9., titulos, et ad consuetum referendi modum accommodatae. Opus novum, ... auctore R.P. Vito Pichler .. 260 $aIngolstadii :$bSumptibus Joannis Andreae de la Haye,$c1735. 300 $a[28], 720, [10] p. ;$cfol. 500 $aFront. stampato in rosso e nero 500 $aIniz., fregi xilogr. 500 $aTesto su due colonne 500 $aSegn.: a-c4 d2 A-4Y4 4Z2 650 4$aDiritto canonico.$0(OLS)http://semarc/subject/207 700 1 $aLa Haye, Johann Andreas de witwe,$c.$0(OLS)http://semarc/name/113716 850 $aSeMil 852 $aSeMil$W1$xVenegono$y1$m2J VI 12 FA$j25728$B25728$CSeMilBibl$Z2$F25731 $8I 996 $6245$aJus canonicum practice explicatum, seu decisiones casuum selectorum centumoctoginta quinque ad singulos Decretalium Gregorii Papae 9., titulos, et ad consuetum referendi modum accommodatae. Opus novum, ... auctore R.P. Vito Pichler ..$9(OLS)http://semarc/title/93110 996 $6260$aIngolstadii :$bSumptibus Joannis Andreae de la Haye$9(OLS)http://semarc/publisher/42097